Greek theatre performance : an introduction

Αποθηκεύτηκε σε:
Λεπτομέρειες βιβλιογραφικής εγγραφής
Κύριος συγγραφέας: Wiles, David
Μορφή: Βιβλίο
Γλώσσα:English
Δημοσίευση: Cambridge ; New York : Cambridge University Press, 2000
Θέματα:
Ετικέτες: Προσθήκη ετικέτας
Δεν υπάρχουν, Καταχωρήστε ετικέτα πρώτοι!

MARC

LEADER 00000nam a2200000 i 4500
001 1/81123
008 050714s2000 eng d
020 |a 0-521-64857-2 
035 |l 10079192 
040 |a GR-MY-UA  |b gre  |e aacr 
041 0 |a eng 
082 0 |a 792.0938  |2 (22) 
100 1 |a Wiles, David. 
245 1 0 |a Greek theatre performance :  |b an introduction /  |c David Wiles 
260 |a Cambridge ; New York :   |b Cambridge University Press,   |c 2000 
300 |a xii, 243 σ.;  |b εικ., χάρτ.;  |c 24 εκ. 
504 |a Περιέχει βιβλιογραφία (σ. 225-236) και ευρετήριο 
650 0 0 |a Theater  |x Production and direction  |z Greece  |x History  |y To 500. 
650 0 0 |a Theater  |z Greece  |x History  |y To 500. 
650 0 0 |a Greek drama  |x History and criticism. 
852 |a INST  |b LESVOS  |e 20050714  |h 792.0938 WIL  |p 005100032083  |q 005100032083  |t BK  |y 0 
901 |a BIBL1-2005-2 
909 |a Λ  |b 121819 
920 |a ΕΠΕΑΕΚ ΠΜΣ ΓΥΝΑΙΚΕΣ KAI ΦΥΛΑ  |y ΛΕΣΒΟΣ  |z 2005-06 
970 |a ΚΑΡΑ  |b ΓΙΑΣΕΜΗ  |z 2005/07/14